1662 1308 1973 1130 1865 1010 1071 1074 1260 1535 1778 1152 1648 1339 1182 1578 1055 1616 1525 1424 1456 1879 1407 1272 1486 1776 1894 1828 1027 1657 1155 1053 1120 1238 1415 1036 1098 1398 1868 1171 1477 1618 1877 1913 1614 1113 1804 1980 1836 1569 1881 1122 1520 1483 1191 1742 1603 1039 1807 1383 1520 1188 1663 1247 1386 1750 1422 1245 1392 1330 1383 1251 1433 1466 1241 1659 1346 1085 1015 1507 1150 1668 1128 1515 1641 1102 1918 1011 1644 1590 1327 1647 1096 1682 1066 1513 1446 1789 1093 BCNSPRNW ULIB Ver.6.0+V

เปลี่ยนเป็นภาษาไทย

Change to English
 แสดงรายละเอียดบรรณานุกรม
  กลับหน้าหลัก

Brief Record : Get Marc (ISO 2709) : E-mail record : QR code < ปิดหน้าต่าง
LEADER : 00000nam 2200000uu 4500
001    13399127141
003     ULIB
008    020711s2019 th a 000 0 eng d
020    ^a9780323532006
060    ^aWY100^bS974A
100    ^aSwearingen, Pamela L. and Jacqueline Wright
245    ^aAll-in-One Nursing Care Planning Resource: Medical-Surgical, Pediatric, Maternity, and Psychiatric-Mental Health
250    ^a5th ed
260    ^aLouis, Missouri :^bElsevier,^c2019
300    ^a806 pages;^b30 cm
650    ^aNursing Care Planning
945    ^p1730^l0^i006331
999    ^aประนอม เกษจรัล
รายการนี้ยังไม่มีแท็ก
คุณยังไม่ได้ล็อกอิน คุณสามารถมีกิจกรรมร่วมกับเว็บไซต์ได้ แต่ต้องล็อกอินก่อน ::
  ล็อกอิน

รายการสื่อสารสนเทศ

ลำดับที่ ประเภท เลขเรียก/บาร์โค้ด สถานที่ สถานะ
1. Book การพยาบาล
Book การพยาบาล
WY100 S974A ฉ.1 
  Barcode: 006331
ห้องสมุดวิทยาเขตสวรรค์ประชารักษ์
►หนังสือทั่วไป
บนชั้น

รายการใกล้เคียง
    หัวเรื่อง [Nursing Care Planning]

BibComment


ยังไม่เคยถูกคอมเมนท์

คอมเมนท์ทรัพยากรรายการนี้
  คอมเมนท์: AllinOne Nursing..


 Copyright 2026. Bcnsprnw @Library